000
00269nam a2200121Ia 4500
005
20251222144809.0
008
251222s9999||||xx |||||||||||||| ||spa||
020
_a
84-7739-893-3
082
_a
610.734/C16
245
0
_a
Primeros Auxilios
264
_b
FEC
942
_c
LIB
999
_c
20042
_d
20042